Technology by Letter: B - Statistics

General Stats
  • This quiz has been taken 57 times
  • The average score is 10 of 16
Answer Stats
Hint Answer % Correct
Heavy metal used to summon church-goers Bell
86%
He patented the telephone and founded a lab Bell
86%
Alloy that named an age of human history Bronze
84%
Device to measure air pressure Barometer
82%
Software to navigate the internet Browser
80%
This helps you to safely cross a gorge or a river Bridge
78%
Turn clay into this to build a house Bricks
76%
Optical data storage format, successor to DVD Blu-ray Disc
66%
Storage container of electrical energy Battery
58%
Pioneer smartphone Blackberry
54%
Storage container for liquids Bottle
50%
Chemical substance that you'd put in almost any cake Baking powder
46%
Storage container for large amounts of liquid Barrel
38%
Source of a homing signal Beacon
38%
They invented this means of transportation when all the horses starved Bicycle
16%
He revolutionized the steel-making process Bessemer
14%
No matching quizzes found
Score Distribution
Percent of People with Each Score
Percentile by Number Answered
Your Score History
You have not taken this quiz